Memoria del Seminario Internacional : (Registro nro. 3971)

000 -CABECERA
campo de control de longitud fija 01346nam a22002417a 4500
003 - IDENTIFICADOR DEL NÚMERO DE CONTROL
campo de control OSt
005 - FECHA Y HORA DE LA ÚLTIMA TRANSACCIÓN
campo de control 20250430092447.0
008 - DATOS DE LONGITUD FIJA--INFORMACIÓN GENERAL
campo de control de longitud fija 250430s2014 pe o fr|||| 00| 0 spa d
040 ## - FUENTE DE LA CATALOGACIÓN
Centro catalogador/agencia de origen CENDOC CAAAP
Lengua de catalogación spa
Centro/agencia transcriptor CAAAP
041 ## - CÓDIGO DE LENGUA
Código de lengua del texto/banda sonora o título independiente spa
050 ## - SIGNATURA TOPOGRÁFICA DE LA BIBLIOTECA DEL CONGRESO
Número de clasificación QA135.5
Número de documento/Ítem M46
110 1# - ENTRADA PRINCIPAL--NOMBRE DE ENTIDAD CORPORATIVA
9 (RLIN) 4365
Nombre de entidad corporativa o nombre de jurisdicción como elemento de entrada Perú. Ministerio de Educación
245 10 - MENCIÓN DE TÍTULO
Título Memoria del Seminario Internacional :
Resto del título Educación matemática en contextos de diversidad cultural y lingüística /
Mención de responsabilidad, etc. Ministro de Educación
250 #0 - MENCIÓN DE EDICIÓN
Mención de edición Primera Edición
260 #1 - PUBLICACIÓN, DISTRIBUCIÓN, ETC.
Lugar de publicación, distribución, etc. Lima, Perú :
Nombre del editor, distribuidor, etc. Ministro de Educación,
Fecha de publicación, distribución, etc. 2014
300 ## - DESCRIPCIÓN FÍSICA
Extensión 156 páginas :
Otras características físicas fotografás,
Dimensiones 30 cm
490 ## - MENCIÓN DE SERIE
Mención de serie Matematicas en EIB
Designación de volumen o secuencia 2
520 ## - SUMARIO, ETC.
Sumario, etc. Reúne las ponencias y experiencias presentadas en el Seminario Internacional sobre educación matemática en contextos de diversidad cultural y lingüística, resaltando enfoques interculturales y propuestas pedagógicas orientadas a pueblos indígenas y comunidades multilingües.
650 10 - PUNTO DE ACCESO ADICIONAL DE MATERIA--TÉRMINO DE MATERIA
9 (RLIN) 591
Término de materia o nombre geográfico como elemento de entrada Educación
Subdivisión de forma Matematica
Subdivisión general Aspectos culturales
Subdivisión geográfica Perú
650 10 - PUNTO DE ACCESO ADICIONAL DE MATERIA--TÉRMINO DE MATERIA
Subdivisión de forma Educacion indigena
Subdivisión geográfica America Latina
856 ## - LOCALIZACIÓN Y ACCESO ELECTRÓNICOS
Identificador Uniforme del Recurso <a href="https://repositorio.minedu.gob.pe/bitstream/handle/20.500.12799/4865/Memoria%20del%20Seminario%20Internacional%20Educaci%c3%b3n%20Matem%c3%a1tica%20en%20contextos%20de%20diversidad%20cultural%20y%20ling%c3%bc%c3%adstica.pdf?sequence=1&isAllowed=y">https://repositorio.minedu.gob.pe/bitstream/handle/20.500.12799/4865/Memoria%20del%20Seminario%20Internacional%20Educaci%c3%b3n%20Matem%c3%a1tica%20en%20contextos%20de%20diversidad%20cultural%20y%20ling%c3%bc%c3%adstica.pdf?sequence=1&isAllowed=y</a>
942 ## - ELEMENTOS DE PUNTO DE ACCESO ADICIONAL (KOHA)
Fuente del sistema de clasificación o colocación
Tipo de ítem Koha Libros
Existencias
Estado de retiro Estado de pérdida Fuente del sistema de clasificación o colocación Estado dañado No para préstamo Localización permanente Ubicación/localización actual Ubicación en estantería Fecha de adquisición Total de préstamos Signatura topográfica completa Fecha visto por última vez Precio válido a partir de Tipo de ítem Koha
          CENTRO DE DOCUMENTACIÓN (CENDOC) CENTRO DE DOCUMENTACIÓN (CENDOC)   04/30/2025   QA 135.5 | M46 04/30/2025 04/30/2025 Libros
Centro de Documentación CAAAP | AV. Manuel González Prada 626, Magdalena del Mar | (51-1) 4615223 Anexo 205 y 209 | cendoc@caaap.org.pe